01349nam a2200337 a 4500001001200000003000800012006001900020007001500039008004100054010001700095020002500112020002700137040002100164035002100185050002600206082001900232100002500251245012300276250001200399260003600411300002400447504005100471505009200522533015200614650002500766650002500791650002300816655002900839710001700868856012600885ebr10630602CaPaEBRm u cr cn|||||||||120507s2012 njua sb 001 0 eng d z 2012428160 z9780470879597 (book) z9781118221044 (e-book) aCaPaEBRcCaPaEBR a(OCoLC)82373759314aHV8079.F7bS55 2012eb04a363.25/9632221 aSilverstone, Howard.10aForensic accounting and fraud investigation for non-expertsh[electronic resource] /cHoward Silverstone ... [et al.]. a3rd ed. aHoboken, N.J. :bWiley,cc2012. axvi, 320 p. :bill. aIncludes bibliographical references and index.0 apt. I. Forensic accounting and fraud overview -- pt. II. Financial crime investigation. aElectronic reproduction.bPalo Alto, Calif. :cebrary,d2011.nAvailable via World Wide Web.nAccess may be limited to ebrary affiliated libraries. 0aFraud investigation. 0aForensic accounting. 0aFraudxPrevention. 7aElectronic books.2local2 aebrary, Inc.40uhttp://site.ebrary.com/lib/rucke/Doc?id=10630602zAn electronic book accessible through the World Wide Web; click to view